000 00802nam a22002177a 4500
005 20150908144103.0
010 _aENG-113514
020 _c1650.00
_a9789351480112
020 _c1650.00
_a9351480119
035 _aEN-97046
037 _bDBAD/PUB
082 _a306.0954
100 _aSuray, Joseph Basappa
245 _aTowards a theology of universality :
_cby Joseph Basappa Suray
_bJohn Wesley's socio-economic, political & moral insights on British class & Indian caste distinctions /
260 _aNew Delhi
_bChristian World Imprints
_c2015
270 _aH-12 Bali Nagar
_bNew Delhi
_e110015
300 _axxxiv,486p.
_c24cm(Hb)
490 _aChristian heritage rediscovered-5
500 _aIncludes bibliographical references and index
942 _2ddc
_cEN
_mSUR
_h306.0954
999 _c95014
_d95014